[Event "FRA-chT Top 16 Gp Haute"]
[Site "Chartres"]
[Date "2023.06.08"]
[Round "1.4"]
[White "Parligras, Mircea Emilian"]
[Black "Vernay, Clovis"]
[Result "1-0"]
[WhiteElo "2556"]
[BlackElo "2491"]
[PlyCount "105"]
[EventDate "2023.06.08"]
[EventType "team-tourn"]
[EventRounds "4"]
[EventCountry "FRA"]
[SourceTitle "CBM 214 Extra"]
[Source "ChessBase"]
[SourceDate "2023.07.31"]
[SourceVersion "1"]
[SourceVersionDate "2023.07.31"]
[SourceQuality "1"]
[WhiteTeam "Grasse Echecs"]
[BlackTeam "Lyon"]
[WhiteTeamCountry "FRA"]
[BlackTeamCountry "FRA"]

1. d4 d5 2. c4 c6 3. Nf3 Nf6 4. e3 Bf5 5. Nc3 e6 6. Nh4 Be4 7. f3 Bg6 8. Bd2 Be7 9. Nxg6 hxg6 10. Qc2 Nbd7 11. 0-0-0 a6 12. Kb1 Qc7 13. g4 b5 14. c5 Rxh2 15. Bd3 0-0-0 16. Rxh2 Qxh2 17. a4 Nb8 18. g5 Ne8 19. f4 Nc7 20. Ne2 Rh8 21. Ng1 Qg3 22. Rf1 Rh1 23. Qd1 Qg2 24. Nf3 Rxf1 25. Bxf1 Qg4 26. Bd3 Nd7 27. Qf1 Qh5 28. Kc2 f6 29. Be2 Qh7 30. Ba5 Bd8 31. Qg2 Ne8 32. Bd2 Bc7 33. Qg4 Nf8 34. axb5 axb5 35. Nh4 Bd8 36. Be1 Kb7 37. Bg3 Ba5 38. Bd3 f5 39. Qd1 Nd7 40. Qf1 Nc7 41. Be2 Nf8 42. Bf2 Nd7 43. Kb3 Qg8 44. Qa1 Qa8 45. Nxg6 Bd2 46. Qxa8+ Kxa8 47. Bh5 Kb7 48. Nh4 Na6 49. Bf7 Nf8 50. g6 Ba5 51. Nf3 Kc8 52. Ng5 Nc7 53. Ka3 1-0

[Event "FRA-chT Top 16 GpA"]
[Site "Chartres"]
[Date "2023.06.04"]
[Round "4.1"]
[White "Vernay, Clovis"]
[Black "Lagarde, Maxime"]
[Result "0-1"]
[WhiteElo "2499"]
[BlackElo "2598"]
[PlyCount "90"]
[EventDate "2023.06.01"]
[EventType "team-tourn"]
[EventRounds "7"]
[EventCountry "FRA"]
[SourceTitle "CBM 214 Extra"]
[Source "ChessBase"]
[SourceDate "2023.07.31"]
[SourceVersion "1"]
[SourceVersionDate "2023.07.31"]
[SourceQuality "1"]
[WhiteTeam "Lyon"]
[BlackTeam "Chartres"]
[WhiteTeamCountry "FRA"]
[BlackTeamCountry "FRA"]

1. d4 Nf6 2. c4 g6 3. f3 Bg7 4. e4 d6 5. Nc3 0-0 6. Be3 c5 7. d5 a6 8. a4 e6 9. Nge2 exd5 10. cxd5 Nbd7 11. Ng3 h5 12. Be2 h4 13. Nf1 Nh7 14. h3 f5 15. Nd2 Bd4 16. Nc4 Bxe3 17. Nxe3 Qg5 18. Qd2 Ne5 19. 0-0-0 f4 20. Nc4 Nxc4 21. Bxc4 Qe5 22. a5 Bd7 23. Bb3 b5 24. axb6 Rab8 25. Na4 Ng5 26. Qa5 Rb7 27. Rhe1 Nf7 28. Re2 Rfb8 29. Bc4 Bxa4 30. Qxa4 Rxb6 31. Rdd2 Rb4 32. Qa2 a5 33. Rd3 a4 34. Rc2 Qe8 35. Rdc3 Ne5 36. Kd1 R8b7 37. Be2 Qb8 38. Ke1 Rxb2 39. Rxb2 Rxb2 40. Qxa4 c4 41. Ra3 Rb1+ 42. Bd1 Nd3+ 43. Kd2 Qb2+ 44. Bc2 Qc1+ 45. Kc3 Qe1+ 0-1

[Event "FRA-chT Top 16 GpA"]
[Site "Chartres"]
[Date "2023.06.01"]
[Round "1.3"]
[White "Vernay, Clovis"]
[Black "Brunner, Nicolas"]
[Result "1/2-1/2"]
[WhiteElo "2499"]
[BlackElo "2426"]
[PlyCount "54"]
[EventDate "2023.06.01"]
[EventType "team-tourn"]
[EventRounds "7"]
[EventCountry "FRA"]
[SourceTitle "CBM 214 Extra"]
[Source "ChessBase"]
[SourceDate "2023.07.31"]
[SourceVersion "1"]
[SourceVersionDate "2023.07.31"]
[SourceQuality "1"]
[WhiteTeam "Lyon"]
[BlackTeam "Vandoeuvre"]
[WhiteTeamCountry "FRA"]
[BlackTeamCountry "FRA"]

1. d4 Nf6 2. c4 e6 3. Nc3 Bb4 4. e3 0-0 5. Bd3 d5 6. Nf3 dxc4 7. Bxc4 c5 8. 0-0 Nc6 9. a3 Bxc3 10. bxc3 Qc7 11. Bb2 e5 12. Bb5 e4 13. Bxc6 Qxc6 14. Ne5 Qc7 15. a4 b6 16. a5 Ba6 17. Re1 Rfe8 18. Qb3 c4 19. axb6 axb6 20. Qa4 Nd5 21. Qc6 Qxc6 22. Nxc6 Bb5 23. Nb4 Nxb4 24. cxb4 Bc6 25. Kf1 Rxa1 26. Rxa1 Ra8 27. Rxa8+ Bxa8 1/2-1/2

[Event "SUI-chT"]
[Site "Switzerland"]
[Date "2023.04.16"]
[Round "1.3"]
[White "Vernay, Clovis"]
[Black "Gaehwiler, Gabriel"]
[Result "1-0"]
[WhiteElo "2526"]
[BlackElo "2405"]
[PlyCount "75"]
[EventDate "2023.04.16"]
[EventType "team-tourn"]
[EventRounds "9"]
[EventCountry "SUI"]
[SourceTitle "CBM 213 Extra"]
[Source "ChessBase"]
[SourceDate "2023.05.31"]
[SourceVersion "1"]
[SourceVersionDate "2023.05.31"]
[SourceQuality "1"]
[WhiteTeam "Geneve"]
[BlackTeam "Luzern"]
[WhiteTeamCountry "SUI"]
[BlackTeamCountry "SUI"]

1. d4 Nf6 2. c4 g6 3. f3 Bg7 4. e4 d6 5. Nc3 0-0 6. Be3 c5 7. d5 a6 8. a4 e6 9. Qd2 exd5 10. cxd5 Nbd7 11. Nh3 Ne5 12. Nf2 Nh5 13. Be2 f5 14. exf5 gxf5 15. Bh6 Bd7 16. Bxg7 Kxg7 17. f4 Ng4 18. 0-0 Nhf6 19. Bxg4 fxg4 20. Nfe4 Nxe4 21. Nxe4 Bf5 22. Rae1 Qd7 23. Ng3 Rae8 24. a5 Kg6 25. b4 Rxe1 26. Rxe1 Re8 27. bxc5 Rxe1+ 28. Qxe1 dxc5 29. Qe5 Bd3 30. Kf2 c4 31. Ke3 Kf7 32. Kd4 Qb5 33. Qc7+ Kg6 34. f5+ Bxf5 35. Qd6+ Kg5 36. Qd8+ Kg6 37. Qg8+ Kf6 38. Qf8+ 1-0

[Event "SUI-chT"]
[Site "Switzerland"]
[Date "2022.09.18"]
[Round "7.4"]
[White "Vernay, Clovis"]
[Black "Baenziger, Fabian"]
[Result "1/2-1/2"]
[WhiteElo "2523"]
[BlackElo "2430"]
[PlyCount "101"]
[EventDate "2022.05.01"]
[EventType "team-tourn"]
[EventRounds "9"]
[EventCountry "SUI"]
[SourceTitle "EXT 2023"]
[Source "ChessBase"]
[SourceDate "2022.10.05"]
[SourceVersion "1"]
[SourceVersionDate "2022.10.05"]
[SourceQuality "1"]
[WhiteTeam "Geneve"]
[BlackTeam "Luzern"]
[WhiteTeamCountry "SUI"]
[BlackTeamCountry "SUI"]

1. d4 d5 2. c4 c6 3. cxd5 cxd5 4. Bf4 Nf6 5. Nc3 Nc6 6. e3 Bf5 7. Qb3 Na5 8. Qa4+ Bd7 9. Qc2 Rc8 10. Bd3 e6 11. Nf3 Bb4 12. 0-0 Nh5 13. Bg5 f6 14. Bh4 g5 15. Bg3 Nxg3 16. hxg3 Nc4 17. Rfc1 Bxc3 18. bxc3 Kf7 19. e4 dxe4 20. Bxe4 Nd6 21. Bd3 Kg7 22. a4 h5 23. Qe2 Nf7 24. a5 Qc7 25. Rab1 f5 26. Qe3 Kf6 27. d5 Qc5 28. dxe6 Qxe3 29. fxe3 Bxe6 30. Rxb7 Ne5 31. Nxe5 Kxe5 32. Rxa7 Rhd8 33. Bf1 Bc4 34. Rh7 Bxf1 35. Rxf1 Rxc3 36. Rxh5 Rg8 37. Rh7 Rf8 38. Ra1 Kf6 39. Rh6+ Ke5 40. a6 Rfc8 41. a7 Rc1+ 42. Rxc1 Rxc1+ 43. Kf2 Ra1 44. Rh7 Ra2+ 45. Kf1 g4 46. Ke1 Ke4 47. Kd1 Ra1+ 48. Kd2 Ra2+ 49. Kd1 Ra1+ 50. Kd2 Ra2+ 51. Kd1 1/2-1/2

[Event "SUI-chT"]
[Site "Switzerland"]
[Date "2022.06.12"]
[Round "3.1"]
[White "Vernay, Clovis"]
[Black "Gallagher, Joseph G"]
[Result "0-1"]
[WhiteElo "2523"]
[BlackElo "2441"]
[PlyCount "110"]
[EventDate "2022.05.01"]
[EventType "team-tourn"]
[EventRounds "9"]
[EventCountry "SUI"]
[SourceTitle "EXT 2023"]
[Source "ChessBase"]
[SourceDate "2022.10.05"]
[SourceVersion "1"]
[SourceVersionDate "2022.10.05"]
[SourceQuality "1"]
[WhiteTeam "Geneve"]
[BlackTeam "Nimzowitsch"]
[WhiteTeamCountry "SUI"]
[BlackTeamCountry "SUI"]

1. d4 Nf6 2. c4 g6 3. f3 Bg7 4. e4 d6 5. Nc3 0-0 6. Bg5 c5 7. d5 e6 8. Qd2 exd5 9. cxd5 a6 10. a4 h6 11. Be3 Re8 12. Nge2 Nbd7 13. Nd1 Ne5 14. Nec3 Nh7 15. Be2 f5 16. 0-0 h5 17. h3 h4 18. a5 Bd7 19. Na4 fxe4 20. fxe4 Bb5 21. Nb6 Bxe2 22. Qxe2 Rb8 23. Nf2 Qe7 24. Rab1 Ng5 25. Bxg5 Qxg5 26. Kh1 Re7 27. b4 cxb4 28. Rxb4 Rf8 29. Rbb1 Ref7 30. Ng4 Rxf1+ 31. Rxf1 Rxf1+ 32. Qxf1 Nxg4 33. hxg4 Qxg4 34. Qf3 Qxf3 35. gxf3 Kf7 36. Kg2 Be5 37. Kh3 g5 38. Nc4 Bf4 39. Kg4 Ke7 40. Kh3 Kd7 41. Kg4 Kc7 42. Kh3 Bg3 43. Kg4 Be5 44. Kh3 Bd4 45. f4 gxf4 46. Kxh4 f3 47. Kg3 f2 48. Kg2 Bc5 49. Kf1 Kd7 50. Ke2 Ke7 51. Kf1 Kf6 52. Ke2 Kg5 53. e5 dxe5 54. Nxe5 Kf5 55. Nf7 Kf6 0-1

[Event "FRA-chT Top 16 GpB"]
[Site "Chartres"]
[Date "2022.06.10"]
[Round "2.4"]
[White "Esipenko, Andrey"]
[Black "Vernay, Clovis"]
[Result "1-0"]
[WhiteElo "2705"]
[BlackElo "2520"]
[PlyCount "49"]
[EventDate "2022.06.09"]
[EventType "team-tourn"]
[EventRounds "7"]
[EventCountry "FRA"]
[SourceTitle "CBM 208 Extra"]
[Source "ChessBase"]
[SourceDate "2022.07.31"]
[SourceVersion "1"]
[SourceVersionDate "2022.07.31"]
[SourceQuality "1"]
[WhiteTeam "Asnieres"]
[BlackTeam "Lyon"]
[WhiteTeamCountry "FRA"]
[BlackTeamCountry "FRA"]

1. e4 e6 2. d4 d5 3. Nc3 Nf6 4. e5 Nfd7 5. f4 c5 6. Nf3 Nc6 7. Be3 a6 8. Ne2 Qb6 9. Qc1 Qc7 10. c3 b6 11. f5 exf5 12. Nf4 Ne7 13. Bd3 c4 14. Bc2 h6 15. 0-0 g5 16. Nh5 Qc6 17. h4 f4 18. Bd2 Bb7 19. Qd1 0-0-0 20. hxg5 hxg5 21. Nxg5 Qh6 22. Nxf7 Qxh5 23. Qxh5 Rxh5 24. Bxf4 Bg7 25. Nd6+ 1-0

[Event "SUI-chT"]
[Site "Switzerland"]
[Date "2019.09.08"]
[Round "7.3"]
[White "Cvitan, Ognjen"]
[Black "Vernay, Clovis"]
[Result "1/2-1/2"]
[WhiteElo "2481"]
[BlackElo "2513"]
[PlyCount "42"]
[EventDate "2019.03.10"]
[EventType "team-tourn"]
[EventRounds "9"]
[EventCountry "SUI"]
[SourceTitle "EXT 2020"]
[Source "ChessBase"]
[SourceDate "2019.10.17"]
[SourceVersion "1"]
[SourceVersionDate "2019.10.17"]
[SourceQuality "1"]
[WhiteTeam "Riehen"]
[BlackTeam "Geneve"]
[WhiteTeamCountry "SUI"]
[BlackTeamCountry "SUI"]

1. d4 d5 2. c4 c6 3. Nf3 Nf6 4. Nc3 dxc4 5. a4 Bf5 6. e3 e6 7. Bxc4 Bb4 8. 0-0 Nbd7 9. Qe2 0-0 10. e4 Bg4 11. Rd1 Bh5 12. h3 Rc8 13. Bf4 Qa5 14. Na2 Rfe8 15. g4 Bg6 16. Bd3 Be7 17. Nc3 Bb4 18. Nd2 Qd8 19. Nf3 Qa5 20. Nd2 Qd8 21. Nf3 Qa5 1/2-1/2

[Event "SUI-chT"]
[Site "Switzerland"]
[Date "2019.06.30"]
[Round "5.4"]
[White "Georgiadis, Nico"]
[Black "Vernay, Clovis"]
[Result "1/2-1/2"]
[WhiteElo "2525"]
[BlackElo "2513"]
[PlyCount "60"]
[EventDate "2019.03.10"]
[EventType "team-tourn"]
[EventRounds "9"]
[EventCountry "SUI"]
[SourceTitle "EXT 2020"]
[Source "ChessBase"]
[SourceDate "2019.10.17"]
[SourceVersion "1"]
[SourceVersionDate "2019.10.17"]
[SourceQuality "1"]
[WhiteTeam "Winterthur"]
[BlackTeam "Geneve"]
[WhiteTeamCountry "SUI"]
[BlackTeamCountry "SUI"]

1. e4 e6 2. d4 d5 3. Nc3 Nf6 4. Bg5 dxe4 5. Nxe4 Nbd7 6. Nxf6+ Nxf6 7. Nf3 c5 8. c3 Qb6 9. Bd3 Be7 10. Qe2 Bd7 11. dxc5 Qxc5 12. Ne5 Bd6 13. Bf4 Bc6 14. 0-0 Qd5 15. Nxc6 Bxf4 16. Nd4 0-0 17. Bc2 Bc7 18. Bb3 Qe5 19. Qxe5 Bxe5 20. Rad1 Rfd8 21. Nf3 Bc7 22. h3 Kf8 23. Rfe1 Rxd1 24. Rxd1 Ke7 25. Kf1 Rd8 26. Rxd8 Bxd8 27. Ke2 h6 28. Bc2 Kd6 29. Nd2 Ke7 30. a4 Bc7 1/2-1/2

[Event "SUI-chT"]
[Site "Switzerland"]
[Date "2018.09.09"]
[Round "7.2"]
[White "Vernay, Clovis"]
[Black "Pelletier, Yannick"]
[Result "1/2-1/2"]
[WhiteElo "2505"]
[BlackElo "2544"]
[PlyCount "90"]
[EventDate "2018.03.25"]
[EventType "team-tourn"]
[EventRounds "9"]
[EventCountry "SUI"]
[SourceTitle "EXT 2019"]
[Source "ChessBase"]
[SourceDate "2018.10.10"]
[SourceVersion "1"]
[SourceVersionDate "2018.10.10"]
[SourceQuality "1"]
[WhiteTeam "Geneve"]
[BlackTeam "Zuerich"]
[WhiteTeamCountry "SUI"]
[BlackTeamCountry "SUI"]

1. d4 Nf6 2. c4 e6 3. Nf3 d5 4. Nc3 dxc4 5. e3 a6 6. a4 c5 7. Bxc4 Nc6 8. 0-0 Be7 9. Qe2 Qc7 10. dxc5 Bxc5 11. e4 Ng4 12. g3 0-0 13. Kg2 Nge5 14. Nxe5 Nxe5 15. Bb3 Nc6 16. Be3 b6 17. Rfd1 Bb7 18. f3 Rfd8 19. Rxd8+ Rxd8 20. Rd1 Nd4 21. Bxd4 Rxd4 22. Rxd4 Bxd4 23. Qd3 Bf6 24. Bc4 Qc8 25. Nd1 h5 26. b3 g6 27. Nf2 Kg7 28. Kf1 Qc5 29. Kg2 Bd4 30. Nh3 Be3 31. Nf4 Bc8 32. Ne2 a5 33. Qc3+ e5 34. Qd3 Bg5 35. h4 Be7 36. Nc3 Qd6 37. Qxd6 Bxd6 38. Nd5 Bc5 39. Nc7 Kf8 40. Nd5 Ke8 41. Nf6+ Ke7 42. Ng8+ Kf8 43. Nf6 Ke7 44. Ng8+ Kf8 45. Nf6 Ke7 1/2-1/2

[Event "SUI-chT"]
[Site "Switzerland"]
[Date "2018.04.29"]
[Round "3.6"]
[White "Giesinger, Elias"]
[Black "Vernay, Clovis"]
[Result "1/2-1/2"]
[WhiteElo "2177"]
[BlackElo "2505"]
[PlyCount "109"]
[EventDate "2018.03.25"]
[EventType "team-tourn"]
[EventRounds "9"]
[EventCountry "SUI"]
[SourceTitle "EXT 2019"]
[Source "ChessBase"]
[SourceDate "2018.10.10"]
[SourceVersion "1"]
[SourceVersionDate "2018.10.10"]
[SourceQuality "1"]
[WhiteTeam "St Gallen"]
[BlackTeam "Geneve"]
[WhiteTeamCountry "SUI"]
[BlackTeamCountry "SUI"]

1. d4 d5 2. c4 c6 3. Nf3 Nf6 4. e3 Bf5 5. Nc3 e6 6. Nh4 Be4 7. f3 Bg6 8. Qb3 Qc7 9. Bd2 Nbd7 10. Nxg6 hxg6 11. 0-0-0 dxc4 12. Bxc4 Nb6 13. g3 Nxc4 14. Qxc4 Be7 15. e4 Rc8 16. Bf4 Qa5 17. Kb1 b5 18. Qb3 0-0 19. g4 Rfd8 20. h4 a6 21. h5 b4 22. Na4 g5 23. Be3 Qb5 24. Rhe1 a5 25. Nc5 Nd7 26. Nxd7 a4 27. Qd3 Qxd3+ 28. Rxd3 Rxd7 29. Rd2 Bf6 30. Rc1 Rcd8 31. Rxc6 Bxd4 32. Bxd4 Rxd4 33. Rxd4 Rxd4 34. Kc2 Kh7 35. b3 axb3+ 36. axb3 Rd8 37. Rc4 Rb8 38. Rc5 Kh6 39. Kd3 g6 40. hxg6 fxg6 41. Rc6 Kg7 42. Kd4 Rd8+ 43. Ke3 Kf6 44. Rb6 Rc8 45. Rxb4 Rc3+ 46. Kf2 Ke5 47. Kg3 Rc2 48. Rb5+ Kf6 49. e5+ Kg7 50. Rb7+ Kh6 51. Rb6 Rc5 52. Rxe6 Rb5 53. Re7 Rxb3 54. Kf2 Rxf3+ 55. Kxf3 1/2-1/2

[Event "SUI-chT"]
[Site "Switzerland"]
[Date "2017.09.02"]
[Round "6.5"]
[White "Vernay, Clovis"]
[Black "Kappeler, Kaspar"]
[Result "0-1"]
[WhiteElo "2506"]
[BlackElo "2238"]
[PlyCount "84"]
[EventDate "2017.03.19"]
[EventType "team-swiss"]
[EventRounds "9"]
[EventCountry "SUI"]
[SourceTitle "EXT 2018"]
[Source "ChessBase"]
[SourceDate "2017.10.13"]
[SourceVersion "1"]
[SourceVersionDate "2017.10.13"]
[SourceQuality "1"]
[WhiteTeam "Geneve"]
[BlackTeam "Reti"]
[WhiteTeamCountry "SUI"]
[BlackTeamCountry "SUI"]

1. d4 Nf6 2. c4 g6 3. f3 Bg7 4. e4 d6 5. Nc3 0-0 6. Bg5 a6 7. Qd2 Nc6 8. Nge2 Bd7 9. Rd1 b5 10. h4 h5 11. Bh6 bxc4 12. g4 Rb8 13. Bxg7 Kxg7 14. g5 Ng8 15. f4 Nb4 16. Nc1 Bg4 17. Be2 Qc8 18. a3 Nd3+ 19. Nxd3 cxd3 20. Bxg4 Qxg4 21. Qf2 Rb3 22. Rd2 Rfb8 23. Rg1 Qc8 24. d5 Qb7 25. Qd4+ Kh7 26. Rgg2 e6 27. f5 exf5 28. exf5 Qb6 29. Qxb6 R8xb6 30. f6 Rb8 31. Kd1 Rxc3 32. Rg3 Rcb3 33. Kc1 R8b5 34. Rgxd3 Rc5+ 35. Kd1 Rxd3 36. Rxd3 Rc4 37. b3 Rxh4 38. Rc3 Rd4+ 39. Ke2 Rxd5 40. Rxc7 Re5+ 41. Kd3 Rxg5 42. Rxf7+ Kh6 0-1

[Event "SUI-chT"]
[Site "Switzerland"]
[Date "2017.06.11"]
[Round "5.5"]
[White "Atlas, Valeri"]
[Black "Vernay, Clovis"]
[Result "0-1"]
[WhiteElo "2432"]
[BlackElo "2506"]
[PlyCount "66"]
[EventDate "2017.03.19"]
[EventType "team-swiss"]
[EventRounds "9"]
[EventCountry "SUI"]
[SourceTitle "EXT 2018"]
[Source "ChessBase"]
[SourceDate "2017.10.13"]
[SourceVersion "1"]
[SourceVersionDate "2017.10.13"]
[SourceQuality "1"]
[WhiteTeam "Luzern"]
[BlackTeam "Geneve"]
[WhiteTeamCountry "SUI"]
[BlackTeamCountry "SUI"]

1. e4 e6 2. d4 d5 3. Nc3 Nf6 4. e5 Nfd7 5. Nce2 c5 6. f4 Be7 7. Nf3 Nc6 8. c3 Qb6 9. a3 a5 10. g3 Ndb8 11. Bg2 a4 12. 0-0 Bd7 13. Ne1 cxd4 14. cxd4 Na5 15. Rb1 Nc4 16. Nc3 Nc6 17. Nf3 Qa5 18. Qd3 b5 19. f5 b4 20. fxe6 Bxe6 21. Ne2 Qb6 22. Kh1 Rb8 23. Bg5 h6 24. Bxe7 Nxe7 25. g4 Bxg4 26. Ng3 Qg6 27. Qxg6 Nxg6 28. Ng1 Ne7 29. Bf3 Be6 30. Ra1 b3 31. Rf2 g6 32. h4 Rc8 33. Rc1 0-0 0-1

[Event "FRA-chT Top 12"]
[Site "Chartres"]
[Date "2017.05.23"]
[Round "6.4"]
[White "Van Foreest, Jorden"]
[Black "Vernay, Clovis"]
[Result "1/2-1/2"]
[WhiteElo "2595"]
[BlackElo "2501"]
[PlyCount "87"]
[EventDate "2017.05.18"]
[EventType "team-tourn"]
[EventRounds "11"]
[EventCountry "FRA"]
[SourceTitle "CBM 178 Extra"]
[Source "ChessBase"]
[SourceDate "2017.06.22"]
[SourceVersion "1"]
[SourceVersionDate "2017.06.22"]
[SourceQuality "1"]
[WhiteTeam "Clichy Echecs 92"]
[BlackTeam "Bois Colombes"]
[WhiteTeamCountry "FRA"]
[BlackTeamCountry "FRA"]

1. Nf3 d5 2. g3 Bg4 3. Bg2 Nd7 4. c4 c6 5. cxd5 cxd5 6. Qa4 Ngf6 7. Nc3 Bxf3 8. Bxf3 e6 9. 0-0 Be7 10. d4 0-0 11. e3 Nb6 12. Qb3 Qd7 13. Rd1 Rfc8 14. Bd2 Nc4 15. Be1 Rc6 16. Qc2 Rac8 17. Rac1 h6 18. h4 R6c7 19. Qb1 Bb4 20. Qa1 b5 21. Be2 a5 22. a3 Bxc3 23. Bxc3 Ne4 24. Be1 a4 25. Qb1 Qe7 26. Bd3 f5 27. Bb4 Qf6 28. b3 axb3 29. Qxb3 g5 30. hxg5 Qxg5 31. Be1 h5 32. Qxb5 h4 33. Rxc4 dxc4 34. Bxe4 Qg4 35. f3 Qh3 36. Bb7 hxg3 37. Rd2 Rh7 38. f4 Rb8 39. Qxc4 Rhxb7 40. Qxe6+ Kh7 41. Rg2 Rb1 42. Qf7+ Kh8 43. Qf6+ Kh7 44. Qf7+ 1/2-1/2

[Event "FRA-chT Top 12"]
[Site "Chartres"]
[Date "2017.05.21"]
[Round "4.5"]
[White "Sebag, Marie"]
[Black "Vernay, Clovis"]
[Result "1-0"]
[WhiteElo "2488"]
[BlackElo "2501"]
[PlyCount "73"]
[EventDate "2017.05.18"]
[EventType "team-tourn"]
[EventRounds "11"]
[EventCountry "FRA"]
[SourceTitle "CBM 178 Extra"]
[Source "ChessBase"]
[SourceDate "2017.06.22"]
[SourceVersion "1"]
[SourceVersionDate "2017.06.22"]
[SourceQuality "1"]
[WhiteTeam "Strasbourg"]
[BlackTeam "Bois Colombes"]
[WhiteTeamCountry "FRA"]
[BlackTeamCountry "FRA"]

1. e4 e6 2. d4 d5 3. Nd2 Nf6 4. e5 Nfd7 5. Bd3 c5 6. c3 Nc6 7. Ne2 a5 8. Nf3 h6 9. a4 cxd4 10. cxd4 Nb4 11. Bb1 b6 12. 0-0 Ba6 13. Re1 b5 14. axb5 Bxb5 15. h4 Nb6 16. Nc3 Bc6 17. b3 Be7 18. h5 Bd7 19. Nh2 Rc8 20. Re3 Qc7 21. Qg4 Bf8 22. Rf3 a4 23. bxa4 Nxa4 24. Bd2 Nb2 25. Ne2 Nc6 26. Qf4 Nd8 27. Ba5 Qc4 28. Bxd8 Kxd8 29. Qd2 Bb5 30. Qa5+ Rc7 31. Rxf7 Be7 32. Qb6 Na4 33. Qb8+ Rc8 34. Qa7 Rc7 35. Qa8+ Rc8 36. Qa5+ Kd7 37. Bd3 1-0

[Event "FRA-chT Top 12"]
[Site "Chartres"]
[Date "2017.05.19"]
[Round "2.4"]
[White "Vernay, Clovis"]
[Black "Colin, Vincent"]
[Result "1/2-1/2"]
[WhiteElo "2501"]
[BlackElo "2381"]
[PlyCount "77"]
[EventDate "2017.05.18"]
[EventType "team-tourn"]
[EventRounds "11"]
[EventCountry "FRA"]
[SourceTitle "CBM 178 Extra"]
[Source "ChessBase"]
[SourceDate "2017.06.22"]
[SourceVersion "1"]
[SourceVersionDate "2017.06.22"]
[SourceQuality "1"]
[WhiteTeam "Bois Colombes"]
[BlackTeam "Lisieux"]
[WhiteTeamCountry "FRA"]
[BlackTeamCountry "FRA"]

1. d4 Nf6 2. c4 g6 3. Nc3 Bg7 4. e4 d6 5. f3 0-0 6. Be3 a6 7. Qd2 Nc6 8. Nge2 Na5 9. Ng3 b5 10. Bh6 b4 11. Bxg7 Kxg7 12. Nd5 Nxd5 13. cxd5 c6 14. dxc6 Nxc6 15. d5 Ne5 16. f4 Ng4 17. h3 Nf6 18. Qxb4 Bd7 19. Bc4 Qc7 20. 0-0 Rfc8 21. b3 Qa7+ 22. Kh2 h5 23. Qe1 Rh8 24. Rc1 Qd4 25. Rd1 Qc5 26. Rf2 h4 27. Nh1 Bb5 28. Rc2 Nd7 29. a4 Bxc4 30. Rxc4 Qb6 31. Qc3+ f6 32. a5 Qb8 33. Rc1 Ra7 34. Nf2 Rb7 35. b4 Qa7 36. Qd4 Qxd4 37. Rxd4 g5 38. f5 Ne5 39. Ng4 1/2-1/2